000 00427nam a2200181Ia 4500
001 12841
005 20260306163010.0
008 260306t2013||||xx |||||||||||||| ||spa||
041 _aESP
082 _aRD 345.7
_bA21
100 _aAcosta Olivo, Carlos
_eAUT
245 0 _aDiccionario procesal civil
260 _c2013
300 _a397 páginas :
_c25 cm.
650 _aGEN
654 _aCDE
942 _cDIC
_dJUS
_fJUS
_2ddc
_n
999 _c12841
_d12841